000 00991nam a2200277 i 4500
003 DO-SdBNP
005 20260527095800.0
007 ta
008 110825s1985 000 spa d
040 _aDO-SdBNP
_bspa
_cBNPHU
_erda
041 _aspa
082 4 _axxx
_bD632s
_222
100 _aDobal, Carlos
_eautor
_4aut.
_926322
245 1 0 _aSantiago en los albores del siglo XVI :
_bel solar de Jacagua /
_cCarlos Dobal ; prólogo, Julio Genaro Campillo Pérez
264 1 _aSantiago, República Dominicana :
_bUniversidad Católica Madre y Maestra,
_c1985.
300 _a247 páginas :
_bilustraciones ;
_c22 cm
336 _atexto
_btxt
_2rdacontent
337 _asin mediación
_bn
_2rdamedia
338 _avolumen
_bnc
_2rdacarrier
490 0 _aColección estudios ;
_v113
500 _aIncluye datos biográficos del autor en las solapas
590 _aInventariado, 2024/DG
700 1 _aCampillo Pérez, Julio Genaro,
_eprologuista
_4pr.
_913954
910 _aDG
942 _2ddc
_cLBS1
999 _c32839
_d32839